000 00443nam a2200181Ia 4500
001 19372
005 20260306172648.0
008 260306t2006||||xx |||||||||||||| ||spa||
041 _aESP
082 _a658.848
_bC262
100 _aCock Castro, Juan Pablo
_eAUT
245 0 _aEstrategia exportadora para el sector textil y confecciones
260 _c2006
300 _a
_c
650 _aGEN
654 _aCAN
942 _cLIB
_dJUS
_fJUS
_2ddc
_n
999 _c19372
_d19372